000 00548cam a22001337a 4500
008 180718b1969 xxu||||| |||| 00| 0 eng d
082 _aBA2703x54 In2b/1967
100 _aIndia. Joint Committee on the Scheduled Castes and Scheduled Tribes Orders (Amendment) Bill
245 _aJoint Committee on the Scheduled Castes and Scheduled Tribes Orders (Amendment) Bill, 1967
_cby Lok Sabha Secretariat
260 _aNew Delhi
_bLok Sabha Secretariat
_c1969
300 _a159+p.
500 _aChairman: Anil K. Chanda
700 _aChanda, Anil K. (Chairman)
999 _c489168
_d489168